Herbarz szlachty kaszubskiej

Titel: Herbarz szlachty kaszubskiej / Przemysław Pragert
Teil: 1
Verfasser:
Veröffentlicht: Gdańsk : Wydawn. BiT, [ca. 2006]
Umfang: 231 S. : Ill.
Format: Buch
Sprache: Polnisch
Schriftenreihe/
mehrbändiges Werk:
Herbarz szlachty kaszubskiej / Przemysław Pragert ; 1
alle Bände anzeigen
ISBN: 9788391985267 ; 8391985261
Buchumschlag
X
Lokale Klassifikation: 33 4 D ; 33 8 K 16 ; 33 4 D 101 ; 33 13 L
alg: 19087217
001A    $03004:10-10-07 
001B    $01999:03-06-23 $t02:36:18.000 
001D    $03004:10-10-07 
001U    $0utf8 
001X    $00 
002@    $0Afu 
003@    $0190872179 
003O    $0263660129 $aOCoLC 
004A    $A978-839-1985-26-7 $fPp. 
004A    $083-919852-6-1 
006G    $01037379780 
006H    $0TOCNEUA1421 $2DNB 
006L    $01037379780 $2DNB 
006U    $f20130723 
007A    $0190872179 $aHEB 
007T    $0Herdhh190605081+1=Bd. 1 
007T    $0Herdkk00026141 
009P    $qapplication/pdf $A2 $3Inhaltsverzeichnis $uhttp://d-nb.info/1037379780/04 $mB:DE-101 
010@    $apol 
011@    $a2006 $n[ca. 2006] 
028A    $7 $8Pragert, Przemysław [Tnd] $9220569770 
033A    $pGdańsk $nWydawn. BiT 
034D    $a231 S. 
034M    $aIll. 
036C    $aHerbarz szlachty kaszubskiej $x11 $hPrzemysław Pragert $l1 
036D    $x11 $8Herbarz szlachty kaszubskiej / Przemysław Pragert $9190605081 
045E    $c920 $c940 
045F    $a929.094382 $eDDC23BSB 
045F/01 $a929 
045F/03 $g4382 
045F/03 $g43832 
045F/03 $g43816 
045G    $a306.094382 $eDDC23BSB 
045G/01 $a306.09 
045G/03 $g4382 
046M    $aLiteraturverz. S. 24 - 33 

lok: 19087217 24
101B    $009-06-10 $t12:23:42.000 
101C    $022-10-07 
101U    $0utf8 
145Z/01 $a33 4 D 
145Z/02 $a33 8 K 16 
145Z/03 $a33 4 D 101 
145Z/04 $a33 13 L 

exp: 19087217 24 1 #EPN
201B/01 $025-08-09 $t08:27:59.000 
201C/01 $010-10-07 
201U/01 $0utf8 
203@/01 $0509256384 
208@/01 $a22-10-07 $bz 
209A/01 $aL 424,11 : 1 $dd $f050 $hL 424 11 / B 1 $x00 
209A/01 $a07.4970 $h07 4970 $x09 
209C/01 $a07.4970 K $h07 4970 K 
209G/01 $a71966321 $x00 
209G/01 $aLesesaal $x01 
220C/01 $agro 
247C/01 $8358050-7 Marburg, Bibliothek des Herder-Instituts Marburg $9102600961 

lok: 19087217 78

exp: 19087217 78 1 #EPN
201B/01 $019-12-17 $t22:56:13.000 
201U/01 $0utf8 
203@/01 $079256135X 
208@/01 $a12-11-16 $be 
209A/01 $a/ $f000 $x00 
237A/01 $aweiterführende Signatur(en):  L 424,11 : 1 
244Z/01 $2Trx $#Prusy Wschodnie i Zachodnie $8--Trx--Ost- und Westpreußen $x01 $939113373X 
244Z/01 $2Trx $#Pomeranija $#Pommern $#Pomoransko $#Pomořansko $#Hinterpommern;Vorpommern;Mittelpommern $#Pomorze Środkowe;Pomorze Przednie $#Pomořansko;Západní Pomořany; Pomořany $8--Trx--Pomorze Zachodnie $x02 $9391303775 
244Z/01 $#Kaszuby $#Kaschubei $#Pommerellen, Nord $#Nordpommerellen $74284575-0 $8--Tg1--Kaschubien $x03 $9086537350 
244Z/01 $2Trx $#kašuubid $#kašubai $#kaschubs $#kasubok $#Kaszubi $#Kašubovia $#Kašubové $#Kabatker $#Kabatkowie $8--Trx--Kaschuben $x04 $9391361384 
244Z/01 $2Trx $#vapid isikud ja perekonnad $#asmenų ir šeimų herbai $#coats of arms persons and families $#címerek személyek és családok $#herby osób i rodzin $#erby osoby a rodiny $#erby osoby a rodiny $8--Trx--Wappen$gPersonen und Familien $x05 $9391357557 
244Z/01 $2Trx $#aadel üldine $#bajorai bendras $#gentry $#nemesség általános $#szlachta ogólnie $#šľachta všeobecne $#šlechta všeobecně $#Aristokratie $#arystokracja $#aristokracia $#aristokrace $8--Trx--Adel$gallgemein $x06 $9391364162 
244Z/01 $2Trx $8--Trx--Monographie $x07 $9391384546 
245Z/01 $a13.02 $x01 
245Z/01 $a04.06 $x02 
247C/01 $82080>Marburg/Lahn, Herder-Institut, Forschungsbibliothek, Bibliographieportal $9336309341 

exp: 19087217 78 2 #EPN
201B/02 $019-12-17 $t22:56:13.000 
201U/02 $0utf8 
203@/02 $0792319591 
208@/02 $a12-11-16 $be 
209A/02 $a/ $f000 $x00 
220C/02 $aTitelaufnehmer: pbb 
220C/02 $aHerkunft: PBB/IH PAN 
220C/02 $aAnmerkung: *uA 
237A/02 $aToż. T. 2. Gdańsk 2007 ss. 375, nlb. 1, il  
244Z/02 $2Trx $#Poola $#Lenkija $#Polija $#Polen Land $#Poland $#Lengyelország $#Poľsko $#Polsko $8--Trx--Polska$gkraj $x01 $9391345966 
244Z/02 $#Kaszuby $#Kaschubei $#Pommerellen, Nord $#Nordpommerellen $74284575-0 $8--Tg1--Kaschubien $x02 $9086537350 
244Z/02 $2Trx $8--Trx--Monographie $x03 $9391384546 
245Z/02 $a13.02 $x01 
245Z/02 $a04.06 $x02 
247C/02 $82080>Marburg/Lahn, Herder-Institut, Forschungsbibliothek, Bibliographieportal $9336309341
LEADER 00000cam a2200000 cc4500
001 190872179
003 DE-603
005 20230603023618.0
007 tu
008 071010s2006 xx |||| | u00||u|pol
016 7 |2 DE-101  |a 1037379780 
020 |a 9788391985267  |c Pp. 
020 |a 8391985261 
035 |a (DE-599)HEB190872179 
035 |a (DE-101)1037379780 
035 |a (OCoLC)263660129 
040 |a DE-603  |b ger  |c DE-603  |d DE-603 
041 |a pol 
082 0 4 |8 1\u  |a 929.094382  |q DE-101  |2 23/BSB 
083 0 |8 2\u  |a 306.094382  |q DE-101  |2 23/BSB 
084 |a 920  |a 940  |q DE-101  |2 sdnb 
085 |8 1\u  |b 929 
085 |8 1\u  |z 2  |s 4382 
085 |8 1\u  |z 2  |s 43832 
085 |8 1\u  |z 2  |s 43816 
085 |8 2\u  |b 306.09 
085 |8 2\u  |z 2  |s 4382 
100 1 |a Pragert, Przemysław  |0 (DE-603)220569770 
245 0 0 |a Herbarz szlachty kaszubskiej  |n 1  |c Przemysław Pragert 
264 1 |a Gdańsk  |b Wydawn. BiT  |c [ca. 2006] 
300 |a 231 S.  |b Ill. 
504 |a Literaturverz. S. 24 - 33 
773 0 8 |q 11  |w (DE-603)190605081 
856 4 2 |m B:DE-101  |q application/pdf  |u http://d-nb.info/1037379780/04  |3 Inhaltsverzeichnis 
924 0 |9 Mb 50  |a (DE-603)509256384  |b DE-Mb50  |c HES  |d d  |g L 424,11 : 1  |h Lesesaal  |i 07.4970 
924 0 |9 2080  |a (DE-603)79256135X  |b DE-2080  |c HES  |d d  |g / 
924 0 |9 2080  |a (DE-603)792319591  |b DE-2080  |c HES  |d d  |g /